Orthographe flamande, comparée à l'orthographe hollandaise et de la commission

Guardado en:
Detalles Bibliográficos
Autor principal: VADERLANDER, X. F.
Formato: Desconocido
Lenguaje:francés
Publicado: Bruxelles M. E. Rampelbergh, imprimeur-libraire 1840
Catálogo:MANES:  Resultados de Búsqueda del Catálogo
Clasificación de libros de texto:
Materias:
Etiquetas: Agregar Etiqueta
Sin Etiquetas, Sea el primero en etiquetar este registro!
Añadido a:2016-04-26

MARC

LEADER 000000000a22000000004500
001 22269
008 160427s be ||||| |||| 00| 0 fre d
040 |a manes  |c manes 
041 |a Francés;Neerlandés 
100 1 |a VADERLANDER, X. F. 
245 0 0 |a Orthographe flamande, comparée à l'orthographe hollandaise et de la commission 
260 3 |a Bruxelles  |b M. E. Rampelbergh, imprimeur-libraire  |c 1840 
300 |a 32 p. 
546 |a Bélgica 
650 7 |a Lenguaje 
655 7 |a Secundaria 
942 |2 ddc  |c BK 
999 |c 44597  |d 44597 
999 |c manes:44597  |d 44597